LEADER 02529nam0 2200433 i 450 001 SUN0006191 005 20120521110906.416 010 $a88-15-02839-0 020 $aIT$b91 9873 100 $a20020816d1990 |0itac50 ba 101 $aita 102 $aIT 105 $a|||| ||||| 200 1 $aCostituzionalismo antico e moderno$fCharles Howard McIlwain$ga cura di Nicola Matteucci 205 $aNuova ed. italiana 210 $aBologna$cIl mulino$d[1990] 215 $a222 p.$d21 cm. - Trad. di Vittorio de Caprariis. 410 1$1001SUN0003918$12001 $aUniversale paperbacks Il mulino$v248$1210 $aBologna$cIl mulino. 606 $aCostituzionalismo$xStoria$2FI$3SUNC003487 620 $dBologna$3SUNL000003 676 $a321.809$v21 700 1$aMcIlwain$b, Charles Howard$3SUNV005391$0206357 702 1$aMatteucci$b, Nicola$f1926-2006$3SUNV005169 712 $aIl mulino$3SUNV000011$4650 790 1$aMatteucci Armandi Avogli Trotti, Nicola$zMatteucci, Nicola <1926-2006>$3SUNV081682 801 $aIT$bSOL$c20181109$gRICA 912 $aSUN0006191 950 $aUFFICIO DI BIBLIOTECA DEL DIPARTIMENTO DI GIURISPRUDENZA$d00 CONS VIII.Ea.5 $e00 2564 950 $aUFFICIO DI BIBLIOTECA DEL DIPARTIMENTO DI GIURISPRUDENZA$d00 CONS VIII.Ea.5 bis $e00 8904 950 $aUFFICIO DI BIBLIOTECA DEL DIPARTIMENTO DI GIURISPRUDENZA$d00 CONS XXIV.Cd.1 $e00 910 950 $aUFFICIO DI BIBLIOTECA DEL DIPARTIMENTO DI GIURISPRUDENZA$d00 CONS VIII.Ea.5 ter $e00 UBG1442 950 $aUFFICIO DI BIBLIOTECA DEL DIPARTIMENTO DI LETTERE E BENI CULTURALI$d07 CONS Ve 1370 $e07 939 995 $aUFFICIO DI BIBLIOTECA DEL DIPARTIMENTO DI GIURISPRUDENZA$h2564$kCONS VIII.Ea.5$op$qa 995 $aUFFICIO DI BIBLIOTECA DEL DIPARTIMENTO DI GIURISPRUDENZA$h8904$kCONS VIII.Ea.5 bis$op$qa 995 $aUFFICIO DI BIBLIOTECA DEL DIPARTIMENTO DI GIURISPRUDENZA$h910$kCONS XXIV.Cd.1$op$qa 995 $aUFFICIO DI BIBLIOTECA DEL DIPARTIMENTO DI GIURISPRUDENZA$gUBG$h1442$kCONS VIII.Ea.5 ter$op$qa 995 $aUFFICIO DI BIBLIOTECA DEL DIPARTIMENTO DI LETTERE E BENI CULTURALI$bIT-CE0103$h939$kCONS Ve 1370$oc$qa 996 $aConstitutionalism$91120093 997 $aUNICAMPANIA LEADER 04658nam 2200745 450 001 9910811500303321 005 20230803031722.0 010 $a3-11-027043-9 024 7 $a10.1515/9783110270433 035 $a(CKB)2670000000432658 035 $a(EBL)1037918 035 $a(OCoLC)858761731 035 $a(SSID)ssj0001002217 035 $a(PQKBManifestationID)11534566 035 $a(PQKBTitleCode)TC0001002217 035 $a(PQKBWorkID)10997810 035 $a(PQKB)10400442 035 $a(MiAaPQ)EBC1037918 035 $a(DE-B1597)173928 035 $a(OCoLC)862247500 035 $a(DE-B1597)9783110270433 035 $a(Au-PeEL)EBL1037918 035 $a(CaPaEBR)ebr10786193 035 $a(CaONFJC)MIL807758 035 $a(EXLCZ)992670000000432658 100 $a20130922h20132013 uy 0 101 0 $aeng 135 $aurcnu|||||||| 181 $ctxt 182 $cc 183 $acr 200 10$aNonconservative stability problems of modern physics /$fby Oleg N. Kirillov 210 1$aBerlin ;$aBoston :$cWalter de Gruyter GmbH & Co., KG,$d[2013] 210 4$dİ2013 215 $a1 online resource (448 p.) 225 0 $aDe Gruyter Studies in Mathematical Physics ;$v14 300 $aDescription based upon print version of record. 311 0 $a3-11-027034-X 320 $aIncludes bibliographies (pages [387]-422) and indexes. 327 $tFront matter --$tPreface --$tContents --$tChapter 1: Introduction --$tChapter 2: Lyapunov stability and linear stability analysis --$tChapter 3: Hamiltonian and gyroscopic systems --$tChapter 4: Reversible and circulatory systems --$tChapter 5: Influence of structure of forces on stability --$tChapter 6: Dissipation-induced instabilities --$tChapter 7: Nonself-adjoint boundary eigenvalue problems for differential operators and operator matrices dependent on parameters --$tChapter 8: The destabilization paradox in continuous circulatory systems --$tChapter 9: The MHD kinematic mean field ?2-dynamo --$tChapter 10: Campbell diagrams of gyroscopic continua and subcritical friction-induced flutter --$tChapter 11: Non-Hermitian perturbation of Hermitian matrices with physical applications --$tChapter 12: Magnetorotational instability --$tReferences --$tIndex 330 $aThis work gives a complete overview on the subject of nonconservative stability from the modern point of view. Relevant mathematical concepts are presented, as well as rigorous stability results and numerous classical and contemporary examples from mechanics and physics. It deals with both finite- and infinite-dimensional nonconservative systems and covers the fundamentals of the theory, including such topics as Lyapunov stability and linear stability analysis, Hamiltonian and gyroscopic systems, reversible and circulatory systems, influence of structure of forces on stability, and dissipation-induced instabilities, as well as concrete physical problems, including perturbative techniques for nonself-adjoint boundary eigenvalue problems, theory of the destabilization paradox due to small damping in continuous circulatory systems, Krein-space related perturbation theory for the MHD kinematic mean field ?²-dynamo, analysis of Campbell diagrams and friction-induced flutter in gyroscopic continua, non-Hermitian perturbation of Hermitian matrices with applications to optics, and magnetorotational instability and the Velikhov-Chandrasekhar paradox. The book serves present and prospective specialists providing the current state of knowledge in the actively developing field of nonconservative stability theory. Its understanding is vital for many areas of technology, ranging from such traditional ones as rotor dynamics, aeroelasticity and structural mechanics to modern problems of hydro- and magnetohydrodynamics and celestial mechanics. 410 3$aDe Gruyter Studies in Mathematical Physics 606 $aEigenvalues 606 $aMechanical impedance 606 $aOscillations 606 $aStability$xMathematical models 610 $aMechanics. 610 $aNonconservative Systems. 610 $aNonself-adjoint Operators. 610 $aStability Problems. 615 0$aEigenvalues. 615 0$aMechanical impedance. 615 0$aOscillations. 615 0$aStability$xMathematical models. 676 $a530.4/74 676 $a530.474 686 $aSK 950$2rvk 700 $aKirillov$b Oleg N.$f1972-$0933374 801 0$bMiAaPQ 801 1$bMiAaPQ 801 2$bMiAaPQ 906 $aBOOK 912 $a9910811500303321 996 $aNonconservative stability problems of modern physics$92600365 997 $aUNINA